<?xml version="1.0" encoding="UTF-8"?>
<record
    xmlns:xsi="http://www.w3.org/2001/XMLSchema-instance"
    xsi:schemaLocation="http://www.loc.gov/MARC21/slim http://www.loc.gov/standards/marcxml/schema/MARC21slim.xsd"
    xmlns="http://www.loc.gov/MARC21/slim">

  <leader>01192naa a22003017a 4500</leader>
  <controlfield tag="001">232845</controlfield>
  <controlfield tag="003">ES-MaBCM</controlfield>
  <controlfield tag="005">20260408090225.0</controlfield>
  <controlfield tag="008">260408t2022    sp ||||| |||| 00| 0 spa d</controlfield>
  <datafield tag="035" ind1=" " ind2=" ">
    <subfield code="a">(OCoLC)1365219912</subfield>
  </datafield>
  <datafield tag="040" ind1=" " ind2=" ">
    <subfield code="c">ES-MaBCM</subfield>
  </datafield>
  <datafield tag="100" ind1="1" ind2=" ">
    <subfield code="a">Rus Trigo, Mar&#xED;a Jos&#xE9;</subfield>
    <subfield code="9">131347</subfield>
  </datafield>
  <datafield tag="245" ind1="1" ind2="0">
    <subfield code="a">L&#xED;mites a la intervenci&#xF3;n de terceros en la prestaci&#xF3;n de ayuda para morir : </subfield>
    <subfield code="b">un an&#xE1;lisis de la reciente resoluci&#xF3;n del TEDH sobre medidas cautelares y autonom&#xED;a personal</subfield>
    <subfield code="c">Mar&#xED;a Jos&#xE9; Rus Trigo</subfield>
  </datafield>
  <datafield tag="504" ind1=" " ind2=" ">
    <subfield code="a">Incluye bibliograf&#xED;a</subfield>
  </datafield>
  <datafield tag="610" ind1="1" ind2="0">
    <subfield code="a">Espa&#xF1;a</subfield>
    <subfield code="t">. Ley Org&#xE1;nica de regulaci&#xF3;n de la eutanasia, 2021</subfield>
    <subfield code="9">125462</subfield>
  </datafield>
  <datafield tag="650" ind1=" " ind2="7">
    <subfield code="a">Eutanasia</subfield>
    <subfield code="9">58653</subfield>
  </datafield>
  <datafield tag="650" ind1=" " ind2="7">
    <subfield code="a">Libre disposici&#xF3;n de la propia persona</subfield>
    <subfield code="9">58404</subfield>
  </datafield>
  <datafield tag="650" ind1=" " ind2="7">
    <subfield code="a">Derecho del individuo</subfield>
    <subfield code="9">58361</subfield>
  </datafield>
  <datafield tag="650" ind1=" " ind2="7">
    <subfield code="a">Capacidad jur&#xED;dica</subfield>
    <subfield code="9">57817</subfield>
  </datafield>
  <datafield tag="650" ind1=" " ind2="7">
    <subfield code="a">Medida cautelar</subfield>
    <subfield code="9">59382</subfield>
  </datafield>
  <datafield tag="650" ind1=" " ind2="7">
    <subfield code="a">Seguridad jur&#xED;dica</subfield>
    <subfield code="9">60207</subfield>
  </datafield>
  <datafield tag="650" ind1=" " ind2="0">
    <subfield code="a">Doctrina jur&#xED;dica</subfield>
    <subfield code="9">126505</subfield>
  </datafield>
  <datafield tag="650" ind1=" " ind2="7">
    <subfield code="a">Derecho comparado</subfield>
    <subfield code="9">58299</subfield>
  </datafield>
  <datafield tag="650" ind1=" " ind2="7">
    <subfield code="a">Sentencia</subfield>
    <subfield code="9">60230</subfield>
  </datafield>
  <datafield tag="655" ind1=" " ind2="4">
    <subfield code="a">Jurisprudencia comentada</subfield>
    <subfield code="9">115337</subfield>
  </datafield>
  <datafield tag="773" ind1="0" ind2=" ">
    <subfield code="d">Las Rozas, Madrid</subfield>
    <subfield code="g">N. 10918 (8 de abril de 2026) - Loc. En l&#xED;nea</subfield>
    <subfield code="t">Diario La Ley</subfield>
    <subfield code="w">213918 </subfield>
  </datafield>
  <datafield tag="942" ind1=" " ind2=" ">
    <subfield code="2">udc</subfield>
    <subfield code="c">AREV</subfield>
  </datafield>
  <datafield tag="999" ind1=" " ind2=" ">
    <subfield code="c">232845</subfield>
    <subfield code="d">232845</subfield>
  </datafield>
  <datafield tag="952" ind1=" " ind2=" ">
    <subfield code="0">0</subfield>
    <subfield code="1">0</subfield>
    <subfield code="2">udc</subfield>
    <subfield code="4">0</subfield>
    <subfield code="7">0</subfield>
    <subfield code="a">BC</subfield>
    <subfield code="b">BC</subfield>
    <subfield code="c">SALA</subfield>
    <subfield code="d">2026-04-08</subfield>
    <subfield code="l">0</subfield>
    <subfield code="r">2026-04-08 09:02:32</subfield>
    <subfield code="w">2026-04-08</subfield>
    <subfield code="y">AREV</subfield>
  </datafield>
</record>
